International association for mission studies (IAMS) Kongress in Driebergen/Holland
| Main Author: | |
|---|---|
| Format: | Print Article |
| Language: | German |
| Check availability: | HBZ Gateway |
| Interlibrary Loan: | Interlibrary Loan for the Fachinformationsdienste (Specialized Information Services in Germany) |
| Published: |
1972
|
| In: |
Zeitschrift für Missionswissenschaft und Religionswissenschaft
Year: 1972, Volume: 56, Issue: 4, Pages: 305-306 |
| IxTheo Classification: | AA Study of religion KBD Benelux countries RJ Mission; missiology ZG Media studies; Digital media; Communication studies |
| Parallel Edition: | Electronic
|
MARC
| LEADER | 00000caa a22000002c 4500 | ||
|---|---|---|---|
| 001 | 1860650384 | ||
| 003 | DE-627 | ||
| 005 | 20251215154835.0 | ||
| 007 | tu | ||
| 008 | 231003s1972 xx ||||| 00| ||ger c | ||
| 035 | |a (DE-627)1860650384 | ||
| 035 | |a (DE-599)KXP1860650384 | ||
| 040 | |a DE-627 |b ger |c DE-627 |e rda | ||
| 041 | |a ger | ||
| 084 | |a 0 |a 1 |2 ssgn | ||
| 100 | 1 | |a Kuhl, Josef |e VerfasserIn |4 aut | |
| 245 | 1 | 0 | |a International association for mission studies (IAMS) Kongress in Driebergen/Holland |
| 264 | 1 | |c 1972 | |
| 336 | |a Text |b txt |2 rdacontent | ||
| 337 | |a ohne Hilfsmittel zu benutzen |b n |2 rdamedia | ||
| 338 | |a Band |b nc |2 rdacarrier | ||
| 601 | |a Internationale | ||
| 601 | |a Mission | ||
| 601 | |a Kongress | ||
| 601 | |a Holland | ||
| 652 | |a AA:KBD:RJ:ZG | ||
| 773 | 0 | 8 | |i Enthalten in |t Zeitschrift für Missionswissenschaft und Religionswissenschaft |d St. Ottilien : EOS Verlag, 1911 |g 56(1972), 4, Seite 305-306 |w (DE-627)129474290 |w (DE-600)203029-9 |w (DE-576)014852152 |7 nnas |x 0044-3123 |
| 773 | 1 | 8 | |g volume:56 |g year:1972 |g number:4 |g pages:305-306 |
| 776 | 0 | 8 | |i Reproduziert als |a Kuhl, Josef |t International association for mission studies (IAMS) Kongress in Driebergen/Holland |d 1972 |w (DE-627)1928414591 |k Electronic |
| 935 | |a DTH5 | ||
| 951 | |a AR | ||
| ELC | |b 1 | ||
| ITA | |a 1 |t 1 | ||
| LOK | |0 000 xxxxxcx a22 zn 4500 | ||
| LOK | |0 001 4380723682 | ||
| LOK | |0 003 DE-627 | ||
| LOK | |0 004 1860650384 | ||
| LOK | |0 005 20231211081531 | ||
| LOK | |0 008 231003||||||||||||||||ger||||||| | ||
| LOK | |0 040 |a DE-Tue135 |c DE-627 |d DE-Tue135 | ||
| LOK | |0 092 |o n | ||
| LOK | |0 852 |a DE-Tue135 | ||
| LOK | |0 852 1 |9 00 | ||
| LOK | |0 935 |a ixzs | ||
| LOK | |0 936ln |0 1442042966 |a AA | ||
| LOK | |0 936ln |0 1442053240 |a RJ | ||
| LOK | |0 936ln |0 1764172264 |a ZG | ||
| LOK | |0 936ln |0 1442044764 |a KBD | ||
| LOK | |0 939 |a 03-10-23 |b l01 | ||
| ORI | |a SA-MARC-ixtheoa001.raw | ||
| REL | |a 1 | ||
| SUB | |a REL | ||